HEGYI, K. - ZIMÁNYI, V.: The Ottoman Empire in Europe

Bibliographic Details
Main Author: Kopčan, Vojtech, 1940-2000 (Author)
Format: Article
Language:English

MARC

LEADER 00000nab a2200000ua 4500
001 vtls010838194
003 SK-MaSNL
005 20260303144148.0
008 230222s1992 xo |||||||||||||||||eng|
035 |a (urnnbn)urn:nbn:sk:snk:ar-a06v95 
035 |a urn:nbn:sk:snk-ab61i8 
035 |a (uuid)16140f3f-d110-49ee-9445-e4e1e30eca91 
040 |a SNKBUCL  |b slo  |c SNKBUCL  |e AACR2 
041 0 |a eng 
044 |a xo  |c SK 
100 1 |a Kopčan, Vojtech,  |d 1940-2000  |4 aut  |9 88197 
245 1 0 |a HEGYI, K. - ZIMÁNYI, V.: The Ottoman Empire in Europe  |c Vojtech Kopčan 
773 0 |t Asian and African studies  |g Roč. 1, č. 2 (1992), s. 209-211 
958 |a OND 
958 |a EUIPO 
958 |a article5 
999 |c 1995016  |d 1996946